[Event "AUS-ch U14 Girls"]
[Site "Mooroolbark"]
[Date "2011.01.19"]
[Round "2"]
[White "O'Rourke, Caitlin"]
[Black "Mason, Joanne"]
[Result "1-0"]
[WhiteElo "461"]
[BlackElo "966"]
[PlyCount "73"]
[EventDate "2011.01.19"]
[EventType "swiss"]
[EventRounds "9"]
[EventCountry "AUS"]
[SourceTitle "EXT 2013"]
[Source "ChessBase"]
[SourceDate "2012.11.22"]
[SourceVersion "1"]
[SourceVersionDate "2012.11.22"]
[SourceQuality "1"]

1. e4 d5 2. exd5 Qxd5 3. Nc3 Qa5 4. Bc4 Nf6 5. d3 c6 6. Bd2 Qc7 7. Qe2 Bf5 8. f3 Nbd7 9. g4 Bg6 10. Nh3 e6 11. Nf4 0-0-0 12. h4 Bd6 13. Ng2 h6 14. h5 Bh7 15. 0-0-0 Nb6 16. Ne4 Bxe4 17. dxe4 Nxc4 18. Qxc4 Nd7 19. f4 Nb6 20. Qe2 Be7 21. Ba5 Rxd1+ 22. Rxd1 Rd8 23. Rd3 Rxd3 24. Qxd3 Qd8 25. Qxd8+ Bxd8 26. Ne3 Bc7 27. e5 Kd7 28. g5 hxg5 29. fxg5 Bxe5 30. h6 gxh6 31. gxh6 Bf4 32. h7 Bxe3+ 33. Kb1 Nc4 34. h8Q Nxa5 35. Qh3 Bb6 36. Qd3+ Ke7 37. b4 1-0

[Event "Doeberl Cup U1200 48th"]
[Site "Canberra"]
[Date "2010.04.02"]
[Round "3"]
[White "O'Rourke, Caitlin"]
[Black "Goldrick, Edmund"]
[Result "0-1"]
[WhiteElo "423"]
[BlackElo "780"]
[PlyCount "74"]
[EventDate "2010.04.02"]
[EventType "swiss"]
[EventRounds "6"]
[EventCountry "AUS"]
[SourceTitle "EXT 2012"]
[Source "ChessBase"]
[SourceDate "2011.11.24"]
[SourceVersion "1"]
[SourceVersionDate "2011.11.24"]
[SourceQuality "1"]

1. e4 e5 2. Nf3 Nc6 3. Bc4 Bc5 4. c3 d6 5. d4 exd4 6. cxd4 Bb4+ 7. Nc3 Bg4 8. h3 Bh5 9. d5 Ne5 10. Be2 Nf6 11. Nd4 Bxe2 12. Qxe2 Qd7 13. 0-0 0-0 14. Qb5 Bxc3 15. bxc3 Nxe4 16. Qxb7 Nxc3 17. Qb3 Ne4 18. Re1 Nc5 19. Qg3 g6 20. Bh6 Rfe8 21. Qg5 Qe7 22. Qd2 Qh4 23. Bg5 Qh5 24. Bf6 Ned7 25. g4 Qxh3 26. Rxe8+ Rxe8 27. g5 Qg4+ 28. Kf1 Ne4 29. Qc2 Ndxf6 30. gxf6 Nxf6 31. Qxc7 Qxd4 32. Re1 Qd3+ 33. Re2 Qxe2+ 34. Kg2 Ng4 35. Qxa7 Ne3+ 36. Kg3 Qg4+ 37. Kh2 Qg2# 0-1

[Event "AUS-ch U12 Girls"]
[Site "Sandy Bay"]
[Date "2010.01.21"]
[Round "6"]
[White "Pretorius, Helen"]
[Black "O'Rourke, Caitlin"]
[Result "0-1"]
[WhiteElo "175"]
[BlackElo "355"]
[PlyCount "94"]
[EventDate "2010.01.14"]
[EventType "tourn"]
[EventRounds "9"]
[EventCountry "AUS"]
[SourceTitle "EXT 2011"]
[Source "ChessBase"]
[SourceDate "2010.11.26"]
[SourceVersion "1"]
[SourceVersionDate "2010.11.26"]
[SourceQuality "1"]

1. Nf3 d5 2. g3 Nf6 3. Bg2 e6 4. 0-0 Be7 5. d3 0-0 6. Nbd2 c5 7. e4 Nc6 8. Re1 b6 9. Nf1 Bb7 10. e5 Nd7 11. c4 Qc7 12. Bf4 dxc4 13. dxc4 Rad8 14. Qc2 Nd4 15. Nxd4 Bxg2 16. Nb5 Qb7 17. Ne3 Bh3 18. Qe2 f6 19. Qh5 fxe5 20. Bg5 Bxg5 21. Qxg5 Rf6 22. Rad1 Rdf8 23. Re2 Rf5 24. Nd6 Rxg5 25. Nxb7 Nf6 26. Nd8 Nh5 27. Nxe6 Bxe6 28. Red2 Bg4 29. Nxg4 Rxg4 30. Rd7 Rxc4 31. Rxa7 Rc2 32. b3 Rfxf2 33. Ra8+ Rf8 34. Rxf8+ Kxf8 35. Rf1+ Ke7 36. Re1 Ke6 37. a4 Rb2 38. Re3 Rb1+ 39. Kg2 Nf6 40. Rf3 e4 41. Rc3 h5 42. Kf2 Ng4+ 43. Kg2 g5 44. a5 bxa5 45. Rxc5 Rxb3 46. Rxa5 Rb2+ 47. Kg1 e3 0-1

[Event "Doeberl Cup U1200 47th"]
[Site "Canberra"]
[Date "2009.04.11"]
[Round "6"]
[White "O'Rourke, Caitlin"]
[Black "Flood, Amy"]
[Result "1-0"]
[WhiteElo "320"]
[BlackElo "245"]
[PlyCount "81"]
[EventDate "2009.04.10"]
[EventType "swiss"]
[EventRounds "6"]
[EventCountry "AUS"]
[SourceTitle "CBM 129 Extra"]
[Source "ChessBase"]
[SourceDate "2009.05.05"]
[SourceVersion "2"]
[SourceVersionDate "2009.05.20"]
[SourceQuality "1"]

1. e4 e5 2. Nf3 Nc6 3. Bc4 Nf6 4. Ng5 Nxe4 5. Nxe4 Bc5 6. Nxc5 d6 7. Qf3 0-0 8. Ne4 Nd4 9. Qd3 Bf5 10. 0-0 Qh4 11. f3 Qh6 12. c3 Qg6 13. g4 c6 14. cxd4 d5 15. dxe5 dxe4 16. fxe4 Qxg4+ 17. Qg3 Qxe4 18. d3 Qd4+ 19. Qe3 Qh4 20. Rxf5 Qg4+ 21. Qg3 Qxf5 22. d4 b5 23. Bd3 Qh5 24. Bd2 Rad8 25. Qg5 Qh3 26. Qf5 Qh4 27. Bg5 Qxd4+ 28. Kh1 g6 29. Qf6 Qxd3 30. Nd2 Qd5+ 31. Kg1 Qd4+ 32. Qf2 Qxe5 33. Bxd8 Rxd8 34. Rf1 Qg5+ 35. Kh1 f6 36. Ne4 Qe5 37. Nxf6+ Kg7 38. Ng4 Qd5+ 39. Kg1 Rc8 40. Qf6+ Kg8 41. Nh6# 1-0

[Event "Doeberl Cup U1200 47th"]
[Site "Canberra"]
[Date "2009.04.10"]
[Round "1"]
[White "Nakauchi, Kenji"]
[Black "O'Rourke, Caitlin"]
[Result "1-0"]
[WhiteElo "927"]
[BlackElo "320"]
[PlyCount "101"]
[EventDate "2009.04.10"]
[EventType "swiss"]
[EventRounds "6"]
[EventCountry "AUS"]
[SourceTitle "CBM 129 Extra"]
[Source "ChessBase"]
[SourceDate "2009.05.05"]
[SourceVersion "2"]
[SourceVersionDate "2009.05.20"]
[SourceQuality "1"]

1. d4 e6 2. c4 d5 3. Nc3 Nf6 4. e3 c5 5. Nf3 Bd6 6. dxc5 Bxc5 7. Bd3 0-0 8. 0-0 Nc6 9. Qc2 b6 10. cxd5 Nb4 11. Qd2 Nxd3 12. Qxd3 exd5 13. Rd1 Bg4 14. Nxd5 Nd7 15. Nc3 Qc7 16. Qe4 Nf6 17. Qc4 Rad8 18. Rxd8 Rxd8 19. e4 Qc6 20. Bg5 Bxf3 21. gxf3 h6 22. Bh4 Rd4 23. Qe2 Nh5 24. Nd5 Qg6+ 25. Kf1 Bd6 26. Rc1 Qe6 27. Qe3 Bc5 28. Qc3 Nf4 29. Nxf4 Qd6 30. Ne2 Rd1+ 31. Rxd1 Qxd1+ 32. Qe1 Qd7 33. Nc3 Qh3+ 34. Kg1 Qxh4 35. Ne2 Bxf2+ 36. Qxf2 Qxf2+ 37. Kxf2 Kh7 38. Nd4 Kg6 39. b4 Kg5 40. Nc6 a6 41. Nb8 a5 42. b5 Kh4 43. Nd7 Kh3 44. Nxb6 Kxh2 45. Nc4 h5 46. b6 g5 47. b7 g4 48. b8Q+ Kh1 49. Qb1+ Kh2 50. Qg1+ Kh3 51. Qg3# 1-0

[Event "Doeberl Cup U1200 47th"]
[Site "Canberra"]
[Date "2009.04.10"]
[Round "2"]
[White "O'Rourke, Caitlin"]
[Black "Goldrick, Edmund"]
[Result "0-1"]
[WhiteElo "320"]
[BlackElo "673"]
[PlyCount "34"]
[EventDate "2009.04.10"]
[EventType "swiss"]
[EventRounds "6"]
[EventCountry "AUS"]
[SourceTitle "CBM 129 Extra"]
[Source "ChessBase"]
[SourceDate "2009.05.05"]
[SourceVersion "2"]
[SourceVersionDate "2009.05.20"]
[SourceQuality "1"]

1. e4 e5 2. Nf3 Nc6 3. Bc4 Nf6 4. Ng5 d5 5. exd5 Nxd5 6. Nxf7 Kxf7 7. Qf3+ Qf6 8. Bxd5+ Ke7 9. Qa3+ Ke8 10. Qb3 Bc5 11. Nc3 Qxf2+ 12. Kd1 Bg4+ 13. Bf3 Bxf3+ 14. gxf3 Qxf3+ 15. Ke1 Bf2+ 16. Kf1 Bg3+ 17. Kg1 Qf2# 0-1